Leçon d'ouverture d'un cours d'histoire de l'économie sociale / (Record no. 69049)

MARC details
000 -LEADER
campo de control de longitud fija 00527nam a2200157 i 4500
001 - NÚMERO DE CONTROL
campo de control 69049
003 - IDENTIFICADOR DE NÚMERO DE CONTROL
campo de control ES-MaACL
007 - CAMPO FIJO DE DESCRIPCIÓN FÍSICA--INFORMACIÓN GENERAL
campo de control de longitud fija t|
008 - DATOS DE LONGITUD FIJA--INFORMACIÓN GENERAL
campo de control de longitud fija 040906s1894 fr ||||1| fre d
100 1# - ENTRADA PRINCIPAL--NOMBRE DE PERSONA
Nombre de persona Espinas, Alfred.
9 (RLIN) 47849
245 10 - MENCIÓN DEL TÍTULO
Título Leçon d'ouverture d'un cours d'histoire de l'économie sociale /
Mención de responsabilidad, etc. par Alfred Espinas.
260 ## - PUBLICACIÓN, DISTRIBUCIÓN, ETC.
Lugar de publicación, distribución, etc. Paris :
Nombre del editor, distribuidor, etc. V. Giard & E. Brière,
Fecha de publicación, distribución, etc. 1894.
300 ## - DESCRIPCIÓN FÍSICA
Extensión 31 p. ;
Dimensiones 25 cm.
500 ## - NOTA GENERAL
Nota general Extrait de la "Revue Internationale de Sociologie" 2e annéen nº 5, mai 1894.
852 ## - LOCALIZACIÓN
Ubicación ES-MaACL
Número de control de estantería T-747-F-5
Holdings
Estatus retirado Estado de pérdida Estado de daño No para préstamo Colección Biblioteca de origen Biblioteca actual Ubicación en estantería Fecha de adquisición Fuente de adquisición Total de préstamos Signatura topográfica completa Código de barras Visto por última vez Precio de reemplazo Tipo de ítem Koha
        Colección de folletos Biblioteca del Ateneo de Madrid Biblioteca del Ateneo de Madrid Depósito folletos 17/01/2008     T-747-F-5 1072308 23/02/2023 23/02/2023 Folleto